Statystyki dla Tablice rejestracyjne miast/powiatów w woj.lubelskim

Kliknij tutaj aby rozwiązać quiz!

Ogólne statystyki

  • Ten quiz został rozwiązany 667 razy
  • Średni wynik to 23 z 24

Statystyki odpowiedzi

Miasto / powiatRejestracja% Poprawnych
Biała PodlaskaLB
99%
ChełmLC
99%
LublinLU
99%
ZamośćLZ
98%
powiat bialskiLBI
97%
powiat chełmskiLCH
97%
powiat hrubieszowskiLHR
97%
powiat kraśnickiLKR
97%
powiat łukowskiLLU
97%
powiat opolskiLOP
97%
powiat janowskiLJA
96%
powiat puławskiLPU
96%
powiat ryckiLRY
96%
powiat lubelskiLUB
96%
powiat zamojskiLZA
96%
powiat krasnostawskiLKS
95%
powiat parczewskiLPA
95%
powiat radzyńskiLRA
95%
powiat świdnickiLSW
95%
powiat włodawskiLWL
95%
powiat łęczyńskiLLE
94%
powiat biłgorajskiLBL
93%
powiat tomaszowskiLTM
93%
powiat lubartowskiLLB
91%

Rozkład punktacji

Percentyl według liczby udzielonych odpowiedzi

Procent ludzi z każdym wynikiem

Twoja historia wyników

Nie rozwiązałeś tego quizu